00225nam a2200109Ia 4500008004100000082001400041082000800055245002700063245000800090260000800098300000900106231017s9999 xx 000 0 und d a620.13623 bACI 0aConcrete Repair Basics 0cACI bACI c30cm